El Cusco insurrecto : (Record no. 318)

000 -CABECERA
fixed length control field 01490nam a22003497a 4500
003 - IDENTIFICADOR DEL NÚMERO DE CONTROL
control field AR-CdUCM
008 - DATOS DE LONGITUD FIJA--INFORMACIÓN GENERAL
fixed length control field 190222b ||||| |||| 00| 0 spa d
020 ## - NÚMERO INTERNACIONAL ESTÁNDAR DEL LIBRO
ISBN 9786124713248
040 ## - FUENTE DE LA CATALOGACIÓN
Agencia/entidad que catalogó originalmente la obra MUNICIPALIDAD PROVINCIAL DEL CUSCO
Entidad que transcribió la catalogación BIBLIOTECA MUNICIPAL DEL CUSCO
082 ## - NÚMERO DE LA CLASIFICACIÓN DECIMAL DEWEY
No. de Clasificación 985.04 /
Notacion interna D69
110 ## - ENTRADA PRINCIPAL--NOMBRE DE ENTIDAD CORPORATIVA
Nombre de la institución, jurisdicción como entrada principal Colectivo por el Bicentenario de la revolución del Cusco
9 (RLIN) 1294
245 ## - MENCIÓN DE TÍTULO
Título El Cusco insurrecto :
Resto del título La revolución de 1814 doscientos años después /
260 ## - PUBLICACIÓN, DISTRIBUCIÓN, ETC.
Lugar de publicación, distribución, etc. Cusco :
Nombre de la editorial, distribuidor, etc. Dirección desconcentrada de cultura,
Fecha de publicación, distribución, etc. 2016.
300 ## - DESCRIPCIÓN FÍSICA
Nº de Páginas Extensión 314 páginas ;
Dimensiones 21 cm.
Material acompañante Ilustraciones.
505 ## - NOTA DE CONTENIDO CON FORMATO
Nota de contenido formateada Los motivos de la revolución(contexto e ideología) -- Los muchos rostros de la revolución del Cusco -- La revolución en su vicentenario (entre olvidos y recuerdos).
650 ## - PUNTO DE ACCESO ADICIONAL DE MATERIA--TÉRMINO DE MATERIA
Descriptor Revolución.
9 (RLIN) 844
650 ## - PUNTO DE ACCESO ADICIONAL DE MATERIA--TÉRMINO DE MATERIA
Descriptor Independencia.
9 (RLIN) 625
650 ## - PUNTO DE ACCESO ADICIONAL DE MATERIA--TÉRMINO DE MATERIA
Descriptor Cusco.
9 (RLIN) 772
700 ## - PUNTO DE ACCESO ADICIONAL--NOMBRE DE PERSONA
Nombre Personal Glave Testino, Luis Miguel
9 (RLIN) 1295
700 ## - PUNTO DE ACCESO ADICIONAL--NOMBRE DE PERSONA
Nombre Personal Herrera Villagra, Alejandro
9 (RLIN) 1296
700 ## - PUNTO DE ACCESO ADICIONAL--NOMBRE DE PERSONA
Nombre Personal Morán Ramos, Luis Daniel
9 (RLIN) 1297
700 ## - PUNTO DE ACCESO ADICIONAL--NOMBRE DE PERSONA
Nombre Personal Ojeda Escalante, Roberto
9 (RLIN) 1298
700 ## - PUNTO DE ACCESO ADICIONAL--NOMBRE DE PERSONA
Nombre Personal Chavez Farfan, Edwin
9 (RLIN) 1299
700 ## - PUNTO DE ACCESO ADICIONAL--NOMBRE DE PERSONA
Nombre Personal Najarro Espinoza, Margareth
9 (RLIN) 1300
700 ## - PUNTO DE ACCESO ADICIONAL--NOMBRE DE PERSONA
Nombre Personal Valderrama Escalante, Gonzalo
9 (RLIN) 1301
700 ## - PUNTO DE ACCESO ADICIONAL--NOMBRE DE PERSONA
Nombre Personal Castillo Castillo, Julio Pastor
9 (RLIN) 1302
700 ## - PUNTO DE ACCESO ADICIONAL--NOMBRE DE PERSONA
Nombre Personal Carvajal Aguirre, Fernando Zora
9 (RLIN) 1303
700 ## - PUNTO DE ACCESO ADICIONAL--NOMBRE DE PERSONA
Nombre Personal Aparicio Vega Manuel Jesús
9 (RLIN) 1304
856 ## - LOCALIZACIÓN Y ACCESO ELECTRÓNICOS
Identificador Uniforme de Recurso (URI) <a href="http://bvirtual.culturacusco.gob.pe/items/show/45">http://bvirtual.culturacusco.gob.pe/items/show/45</a>
Nota pública Leer en digital
942 ## - ELEMENTOS DE PUNTO DE ACCESO ADICIONAL (KOHA)
Fuente de clasificación
Tipo de item Libros-BMC
945 ## - PROCESAMIENTO DE INFORMACIÓN LOCAL (OCLC)
Catalogador mvr
AAAA-MM-DD - Fecha de ingreso o modificacion 2019-02-22
Holdings
Estado de retiro (separado) Fuente de clasificación o esquema de estanterías Estado dañado Ubicación Sala donde se ubica Nombre de la colección Fecha de adquisición o compra Costo, precio normal en soles Signatura topográfica Código de Barras Última vez visto (Koha) Tipo de ítem (Koha) Número de Ejemplar
No     Sala Humanidades Sala Humanidades Book Cart 2019-02-23 45.00 985.04 / D69 SH0000000294 2019-02-23 Libros-BMC  
No     Sala Humanidades Sala Humanidades Book Cart 2019-02-23 45.00 985.04 / D69 SH0000001484 2019-02-27 Libros-BMC 2 ej.

Powered by Koha